Statistics for Mayors of Honolulu by Picture

Click here to take the quiz!

General Stats

  • This quiz has been taken 2 times
  • The average score is 2 of 11

Answer Stats

Answer% Correct
Kirk Caldwell
100%
Jeremy Harris
50%
Peter Carlisle
50%
Joseph J. Fern
0%
John C. Lane
0%
John H. Wilson
0%
Charles N. Arnold
0%
George F. Wright
0%
Charles S. Crane
0%
Lester Petrie
0%
Mufi Francis Hannemann
0%

Score Distribution

Percentile by Number Answered

Percent of People with Each Score

Your Score History

You have not taken this quiz